[Event "Moscow Youth U19 2019"]
[Site "Moscow"]
[Date "2019.11.22"]
[Round "5.7"]
[White "Rysaev, Danial"]
[Black "Kozhukhov, Alexandr"]
[Result "*"]
[WhiteElo "2029"]
[BlackElo "1627"]
[Annotator "NA"]
[PlyCount "103"]
[EventDate "2019.11.18"]
[EventType "swiss"]
[EventCountry "RUS"]
[SourceTitle "playchess.com"]
[Source "ChessBase"]
[SourceQuality "1"]
[TimeControl "5400+30"]

1. d4 {[%emt 0:00:00]} Nf6 {[%emt 0:01:44]} 2. c4 {[%emt 0:00:00]} e6 {[%emt 0:00:13]} 3. Nf3 {[%emt 0:00:00]} c5 {[%emt 0:00:20]} 4. g3 {[%emt 0:01:46]} cxd4 {[%emt 0:00:40]} 5. Nxd4 {[%emt 0:00:21]} Nc6 {[%emt 0:00:35]} 6. Bg2 {[%emt 0:02:00]} Bc5 {[%emt 1:29:28]} 7. Nxc6 {[%emt 0:01:32] A32: Symmetrical English: 2 Nf3 Nf6 3 d4 cxd4 4 Nxd4 e6} bxc6 {[%emt 0:00:05]} 8. O-O {[%emt 0:00:16]} O-O {[%emt 0:00:45]} 9. Qa4 $146 {[%emt 0:02:09]} ({Predecessor:} 9. Nc3 d5 10. Qc2 Ba6 11. b3 Be7 12. Rd1 Qc8 13. Bb2 dxc4 14. bxc4 Rb8 15. Ne4 Nxe4 16. Bxe4 f5 17. Bf3 Rxb2 18. Qxb2 {½-½ (52) Berkes,F (2678)-Ivanisevic,I (2574) Valjevo 2018}) 9... Qb6 {[%emt 0:09:58]} 10. Nc3 {[%emt 0:02:45]} d5 {[%emt 0:10:14]} 11. Qc2 {[%emt 0:01:27]} Be7 {[%emt 0:02:49]} 12. Na4 {[%emt 0:06:31]} Qb8 {[%emt 0:09:12]} 13. b3 {[%emt 0:04:10]} Ba6 {[%emt 0:03:49]} 14. Rd1 {[%emt 0:03:17]} dxc4 {[%emt 0:08:01]} 15. Bg5 {[%emt 0:05:04]} ({But not} 15. Bxc6 cxb3 16. Qb1 Bxe2 $15) (15. bxc4 $14 Qb4 16. Nb2) 15... Qc7 {[%emt 0:08:20]} 16. Nb2 {[%emt 0:03:43]} cxb3 {[%emt 0:03:25]} 17. axb3 {[%emt 0:00:09]} Bb5 {[%emt 0:01:10]} 18. Bf4 {[%emt 0:07:42]} e5 {[%emt 0:36:37]} 19. Be3 {[%emt 0:00:06]} Bb4 $11 {[%emt 0:05:54]} 20. Nd3 {[%emt 0:02:52]} Bxd3 {[%emt 0:08:26]} 21. Rxd3 {[%emt 0:00:23]} Rfc8 {[%emt 0:05:45]} 22. Ra6 {[%emt 0:01:34]} e4 {[%emt 0:03:11]} 23. Rd4 {[%emt 0:00:37]} c5 {[%emt 0:02:15]} 24. Rc4 {[%emt 0:00:20]} h5 {[%emt 0:04:19]} 25. Rxf6 {[%emt 0:01:05]} gxf6 {[%emt 0:00:13]} 26. Bxe4 {[%emt 0:00:20]} Rab8 {[%emt 0:00:45]} 27. Bd5 {[%emt 0:01:51]} Kg7 {[%emt 0:01:59]} 28. Bf4 {[%emt 0:00:40]} Qd7 {[%emt 0:00:38]} 29. Bxb8 {[%emt 0:00:13]} Rxb8 {[%emt 0:00:22]} 30. Bf3 {[%emt 0:00:37]} Rd8 {[%emt 0:02:14]} 31. Kg2 {[%emt 0:00:00]} Qd2 {[%emt 0:00:35]} 32. Qb1 {[%emt 0:00:00]} Qg5 {[%emt 0:01:08]} 33. Rh4 {[%emt 0:01:30]} Qg6 {[%emt 0:00:41]} 34. Qa2 {[%emt 0:02:00]} a5 {[%emt 0:00:36]} 35. Bxh5 {[%emt 0:00:00]} Qf5 {[%emt 0:00:30]} 36. Bf3 {[%emt 0:03:00]} Rd2 {[%emt 0:00:53]} 37. Qa4 {[%emt 0:00:00]} Qd7 {[%emt 0:00:15]} 38. Qa1 {[%emt 0:00:00]} Qf5 {[%emt 0:00:44]} 39. Rf4 {[%emt 0:00:00]} Qe5 {[%emt 0:00:20]} 40. Qb1 {[%emt 0:05:00]} Rd4 {[%emt 0:00:35]} 41. Rf5 {[%emt 0:00:00]} Qe6 {[%emt 0:00:34]} 42. Rh5 {[%emt 0:00:00]} c4 {[%emt 0:00:34]} 43. bxc4 {[%emt 0:00:00]} Qxc4 {[%emt 0:00:11]} 44. Qf5 {[%emt 0:00:00]} Qe6 {[%emt 0:00:41]} 45. Rh7+ {[%emt 0:00:00]} Kf8 {[%emt 0:00:05]} 46. Rh8+ {[%emt 0:00:00]} Ke7 {[%emt 0:00:05]} 47. Qb5 {[%emt 0:00:00]} Qd7 {[%emt 0:01:01]} 48. Bc6 {[%emt 0:00:00]} Qc7 {[%emt 0:00:39]} 49. Re8+ {[%emt 0:00:00]} Kd6 {[%emt 0:00:08]} 50. Bf3 {[%emt 0:00:00]} Rd2 {[%emt 0:01:04]} 51. Qf5 {[%emt 0:00:00]} Bc3 {[%emt 0:00:31]} 52. Qf4+ {[%emt 0:11:00]} *

[Event "Moscow Youth U19 2019"]
[Site "Moscow"]
[Date "2019.11.22"]
[Round "5.8"]
[White "Talyzin, Valeriy"]
[Black "Buniatyan, David"]
[Result "*"]
[WhiteElo "1829"]
[BlackElo "1960"]
[Annotator "NA"]
[PlyCount "53"]
[EventDate "2019.11.18"]
[EventType "swiss"]
[EventCountry "RUS"]
[SourceTitle "playchess.com"]
[Source "ChessBase"]
[SourceQuality "1"]
[TimeControl "5400+30"]

1. Nf3 {[%emt 0:00:00]} Nf6 {[%emt 0:00:00]} 2. g3 {[%emt 0:00:00]} g6 {[%emt 0:00:00]} 3. Bg2 {[%emt 0:00:00]} Bg7 {[%emt 0:00:00]} 4. O-O {[%emt 1:32:00]} O-O {[%emt 0:00:06]} 5. d3 {[%emt 0:00:00]} d6 {[%emt 0:00:31]} 6. e4 {[%emt 0:00:00]} c5 {[%emt 0:00:22]} 7. Nh4 {[%emt 0:01:03]} Nc6 {[%emt 0:01:52] A05: Réti Opening: 1 Nf3 Nf6} 8. f4 {[%emt 0:00:38]} Bg4 {[%emt 0:05:27]} (8... Nd7 9. f5 b5 10. Nc3 c4 11. Kh1 cxd3 12. cxd3 Bb7 13. Bg5 Nd4 14. a3 a5 15. Ne2 Nxe2 16. Qxe2 {1-0 (60) Petrosian,T (2601)-Onischuk,V (2637) Riadh 2017}) 9. Nf3 {[%emt 0:07:42]} Nd7 $146 {[%emt 0:04:21]} ({Predecessor:} 9... Nd4 10. c3 Nxf3+ 11. Bxf3 Bxf3 12. Qxf3 b5 13. g4 Qd7 14. h3 Qc6 {1-0 (59) Ivannikau,M (1826)-Gluckman,P (1637) Al Ain 2013}) 10. h3 {[%emt 0:00:51]} Bxf3 {[%emt 0:00:41]} 11. Bxf3 {[%emt 0:00:18]} c4 {[%emt 0:03:53]} 12. c3 {[%emt 0:13:03]} cxd3 {[%emt 0:15:07]} 13. Qxd3 {[%emt 0:00:14]} Qb6+ {[%emt 0:00:20]} 14. Rf2 {[%emt 0:06:32]} Nc5 {[%emt 1:04:20]} 15. Qe2 {[%emt 0:00:39]} a6 {[%emt 0:11:31]} 16. Be3 {[%emt 1:07:00]} Qc7 {[%emt 0:01:37]} 17. h4 {[%emt 0:14:10]} b5 {[%emt 0:02:11]} 18. h5 {[%emt 0:01:58]} b4 {[%emt 0:05:15]} 19. hxg6 {[%emt 0:00:17]} hxg6 {[%emt 0:00:48]} 20. e5 {[%emt 0:01:34]} Na4 $14 {[%emt 0:04:04]} 21. f5 {[%emt 0:12:05]} gxf5 {[%emt 0:06:06]} 22. Rh2 {[%emt 0:07:33]} dxe5 {[%emt 0:09:53]} 23. Bd5 {[%emt 0:01:17]} Rfd8 {[%emt 0:04:13]} 24. Bb3 {[%emt 0:07:40]} Nb6 {[%emt 0:01:37]} 25. Qh5 {[%emt 0:01:14]} e6 {[%emt 0:01:31]} 26. Bh6 {[%emt 0:02:30]} Bf6 {[%emt 0:04:30]} 27. Bg5 {[%emt 0:04:55]} *

[Event "Moscow Youth U19 2019"]
[Site "Moscow"]
[Date "2019.11.22"]
[Round "5.8"]
[White "Talyzin, Valeriy"]
[Black "Graham, David B"]
[Result "0-1"]
[WhiteElo "1829"]
[BlackElo "2152"]
[Annotator "NA"]
[PlyCount "84"]
[EventDate "2019.11.18"]
[EventType "swiss"]
[EventCountry "RUS"]
[SourceTitle "playchess.com"]
[Source "ChessBase"]
[SourceQuality "1"]
[TimeControl "5400+30"]

1. Nf3 {[%emt 0:00:00]} Nf6 {[%emt 0:00:00]} 2. g3 {[%emt 0:00:00]} g6 {[%emt 0:00:00]} 3. Bg2 {[%emt 0:00:00]} Bg7 {[%emt 0:00:00]} 4. O-O {[%emt 0:00:00]} O-O {[%emt 0:00:06]} 5. d3 {[%emt 0:00:00]} d6 {[%emt 0:00:31]} 6. e4 {[%emt 0:00:00]} c5 {[%emt 0:00:22]} 7. Nh4 {[%emt 0:01:03]} Nc6 {[%emt 0:01:52]} 8. f4 {[%emt 0:00:38]} Bg4 {[%emt 0:05:27]} 9. Nf3 {[%emt 0:07:42]} Nd7 {[%emt 0:04:21]} 10. h3 {[%emt 0:00:51]} Bxf3 {[%emt 0:00:41]} 11. Bxf3 {[%emt 0:00:18]} c4 {[%emt 0:03:53]} 12. c3 {[%emt 0:13:03]} cxd3 {[%emt 0:15:07]} 13. Qxd3 {[%emt 0:00:14]} Qb6+ {[%emt 0:00:20]} 14. Rf2 {[%emt 0:06:32]} Nc5 {[%emt 0:06:06]} 15. Qe2 {[%emt 0:00:39]} a6 {[%emt 0:11:31]} 16. Be3 {[%emt 0:01:40]} Qc7 {[%emt 0:01:37]} 17. h4 {[%emt 0:14:10]} b5 {[%emt 0:02:11]} 18. h5 {[%emt 0:01:58]} b4 {[%emt 0:05:15]} 19. hxg6 {[%emt 0:00:17]} hxg6 {[%emt 0:00:48]} 20. e5 {[%emt 0:01:34]} Na4 {[%emt 0:04:04]} 21. f5 {[%emt 0:12:05]} gxf5 {[%emt 0:06:06]} 22. Rh2 {[%emt 0:07:33]} dxe5 {[%emt 0:09:53]} 23. Bd5 {[%emt 0:01:17]} Rfd8 {[%emt 0:04:13]} 24. Bb3 {[%emt 0:07:40]} Nb6 {[%emt 0:01:37]} 25. Qh5 {[%emt 0:01:14]} e6 {[%emt 0:01:31]} 26. Bh6 {[%emt 0:02:30]} Bf6 {[%emt 0:04:30]} 27. Bg5 {[%emt 0:04:55]} Bg7 {[%emt 0:03:42]} 28. Nd2 {[%emt 0:05:26]} e4 {[%emt 0:01:31]} 29. Bh6 {[%emt 0:01:16]} Qe5 {[%emt 0:00:56]} 30. Bf4 {[%emt 0:02:29]} Qc5+ {[%emt 0:00:19]} 31. Kg2 {[%emt 0:01:45]} bxc3 {[%emt 0:00:35]} 32. bxc3 {[%emt 0:01:09]} Qxc3 {[%emt 0:00:58]} 33. Rd1 {[%emt 0:01:03]} Ne5 {[%emt 0:02:07]} 34. Bg5 {[%emt 0:01:45]} Rd3 {[%emt 0:00:59]} 35. Be7 {[%emt 0:00:07]} Rxd2+ {[%emt 0:00:49]} 36. Rxd2 {[%emt 0:00:34]} Qxd2+ {[%emt 0:00:27]} 37. Kf1 {[%emt 0:00:08]} Qd3+ {[%emt 0:00:32]} 38. Re2 {[%emt 0:02:42]} Rc8 {[%emt 0:01:11]} 39. Kg1 {[%emt 0:00:45]} Rc1+ {[%emt 0:00:28]} 40. Kh2 {[%emt 0:00:08]} Ng4+ {[%emt 0:00:20]} 41. Kh3 {[%emt 0:00:09]} Rh1+ {[%emt 0:00:18]} 42. Rh2 {[%emt 0:00:03]} Rxh2# {[%emt 0:00:09]} 0-1

[Event "Moscow Youth U19 2019"]
[Site "Moscow"]
[Date "2019.11.22"]
[Round "5.9"]
[White "Budnichenko, Vladimir"]
[Black "Shlykov, Yaroslav"]
[Result "0-1"]
[WhiteElo "1489"]
[BlackElo "1623"]
[Annotator "NA"]
[PlyCount "176"]
[EventDate "2019.11.18"]
[EventType "swiss"]
[EventCountry "RUS"]
[SourceTitle "playchess.com"]
[Source "ChessBase"]
[SourceQuality "1"]
[TimeControl "5400+30"]

1. e4 {[%emt 0:00:00]} c5 {[%emt 0:06:33]} 2. Nf3 {[%emt 0:00:00]} d6 {[%emt 0:00:05]} 3. Bb5+ {[%emt 0:00:00]} Bd7 {[%emt 0:00:07]} 4. Bxd7+ {[%emt 0:00:00]} Qxd7 {[%emt 0:00:05]} 5. c4 {[%emt 0:00:03]} Nc6 {[%emt 0:00:10]} 6. d4 {[%emt 0:00:09]} cxd4 {[%emt 0:00:07]} 7. Nxd4 {[%emt 0:00:04]} Nf6 {[%emt 0:00:07]} 8. Nc3 {[%emt 0:00:03]} g6 {[%emt 0:00:53]} 9. O-O {[%emt 0:00:13]} Bg7 {[%emt 0:00:04]} 10. f3 {[%emt 0:01:33]} Nxe4 {[%emt 0:01:40]} 11. Nxc6 {[%emt 0:03:54]} Nxc3 {[%emt 0:00:07]} 12. Qd3 {[%emt 0:01:47]} Qxc6 {[%emt 0:00:13]} 13. bxc3 {[%emt 0:00:32]} O-O {[%emt 0:00:08]} 14. Bg5 {[%emt 0:06:42]} f6 {[%emt 0:01:01]} 15. Bd2 {[%emt 0:10:53]} Rac8 {[%emt 0:00:38]} 16. Rab1 {[%emt 0:03:36]} b6 {[%emt 0:00:16]} 17. Rb4 {[%emt 0:02:32]} Rfd8 {[%emt 0:05:40]} 18. Re1 {[%emt 0:07:11]} e5 {[%emt 0:00:14]} 19. Be3 {[%emt 0:03:38]} Bf8 {[%emt 0:00:36]} 20. Rd1 {[%emt 0:02:53]} d5 {[%emt 0:06:16]} 21. cxd5 {[%emt 0:03:16]} Qxc3 {[%emt 0:00:06]} 22. Ra4 {[%emt 0:05:51]} Qxd3 {[%emt 0:02:04]} 23. Rxd3 {[%emt 0:00:05]} Rd7 {[%emt 0:00:18]} 24. f4 {[%emt 0:10:58]} Bc5 {[%emt 0:05:49]} 25. fxe5 {[%emt 0:01:39]} fxe5 {[%emt 0:00:07]} 26. Kf2 {[%emt 0:02:41]} Kf7 {[%emt 0:01:35]} 27. Kf3 {[%emt 0:02:05]} Bxe3 {[%emt 0:04:30]} 28. Rxe3 {[%emt 0:02:12]} Kf6 {[%emt 0:06:10]} 29. Ke4 {[%emt 0:00:32]} Rc5 {[%emt 0:00:23]} 30. Rf3+ {[%emt 0:02:26]} Ke7 {[%emt 0:00:23]} 31. Rd3 {[%emt 0:00:05]} Kd6 {[%emt 0:00:21]} 32. h4 {[%emt 0:06:37]} Rdc7 {[%emt 0:00:18]} 33. g3 {[%emt 0:07:17]} Rc4+ {[%emt 0:00:08]} 34. Rxc4 {[%emt 0:00:04]} Rxc4+ {[%emt 0:00:03]} 35. Ke3 {[%emt 0:00:24]} Rg4 {[%emt 0:00:45]} 36. Kf2 {[%emt 0:00:52]} Rd4 {[%emt 0:00:25]} 37. Rf3 {[%emt 0:01:06]} Ke7 {[%emt 0:01:45]} 38. Ra3 {[%emt 0:00:51]} a5 {[%emt 0:00:32]} 39. Rb3 {[%emt 0:00:30]} Rb4 {[%emt 0:00:36]} 40. Rc3 {[%emt 0:02:48]} Kd6 {[%emt 0:00:24]} 41. a3 {[%emt 0:01:26]} Rb2+ {[%emt 0:00:26]} 42. Ke3 {[%emt 0:00:30]} Kxd5 {[%emt 0:00:12]} 43. Rc7 {[%emt 0:01:15]} Rb3+ {[%emt 0:00:05]} 44. Kf2 {[%emt 0:00:03]} Rxa3 {[%emt 0:00:09]} 45. Rxh7 {[%emt 0:00:07]} Ke6 {[%emt 0:00:04]} 46. g4 {[%emt 0:02:20]} b5 {[%emt 0:00:27]} 47. Rb7 {[%emt 0:00:44]} b4 {[%emt 0:00:06]} 48. Rb6+ {[%emt 0:00:06]} Kf7 {[%emt 0:00:26]} 49. g5 {[%emt 0:00:20]} e4 {[%emt 0:02:02]} 50. Rb7+ {[%emt 0:00:36]} Ke6 {[%emt 0:00:23]} 51. Rb6+ {[%emt 0:00:06]} Kf5 {[%emt 0:00:52]} 52. h5 {[%emt 0:02:04]} Kxg5 {[%emt 0:00:28]} 53. hxg6 {[%emt 0:00:20]} Kh6 {[%emt 0:00:08]} 54. Ke2 {[%emt 0:00:41]} e3 {[%emt 0:03:13]} 55. Kf3 {[%emt 0:00:39]} Rc3 {[%emt 0:04:01]} 56. Ra6 {[%emt 0:01:29]} Rc5 {[%emt 0:02:12]} 57. Kxe3 {[%emt 0:00:30]} b3 {[%emt 0:00:21]} 58. Kd2 {[%emt 0:01:31]} Rc2+ {[%emt 0:00:11]} 59. Kd1 {[%emt 0:00:16]} Ra2 {[%emt 0:00:05]} 60. Kc1 {[%emt 0:00:17]} a4 {[%emt 0:00:04]} 61. Rb6 {[%emt 0:00:32]} Kg7 {[%emt 0:02:14]} 62. Kb1 {[%emt 0:00:12]} Rg2 {[%emt 0:01:47]} 63. Rb4 {[%emt 0:00:32]} Ra2 {[%emt 0:01:59]} 64. Rb6 {[%emt 0:00:03]} Kh6 {[%emt 0:01:51]} 65. Kc1 {[%emt 0:00:05]} Rc2+ {[%emt 0:00:07]} 66. Kb1 {[%emt 0:00:06]} Rc4 {[%emt 0:00:08]} 67. Kb2 {[%emt 0:00:18]} Rg4 {[%emt 0:00:20]} 68. Ra6 {[%emt 0:00:59]} Kg7 {[%emt 0:00:15]} 69. Kb1 {[%emt 0:00:23]} Kf8 {[%emt 0:00:48]} 70. Ra8+ {[%emt 0:00:10]} Kg7 {[%emt 0:00:22]} 71. Ra6 {[%emt 0:00:04]} Rb4 {[%emt 0:02:10]} 72. Kb2 {[%emt 0:00:21]} Kh6 {[%emt 0:00:08]} 73. Rc6 {[%emt 0:05:03]} a3+ {[%emt 0:01:32]} 74. Kxa3 {[%emt 0:00:03]} b2 {[%emt 0:00:07]} 75. Kxb4 {[%emt 0:00:04]} b1=Q+ {[%emt 0:00:08]} 76. Kc5 {[%emt 0:00:37]} Qb2 {[%emt 0:00:11]} 77. Re6 {[%emt 0:00:29]} Kg5 {[%emt 0:00:30]} 78. Kc6 {[%emt 0:01:19]} Kf5 {[%emt 0:00:19]} 79. Rd6 {[%emt 0:00:32]} Qc3+ {[%emt 0:01:31]} 80. Kd7 {[%emt 0:00:23]} Qg7+ {[%emt 0:00:32]} 81. Kc8 {[%emt 0:01:34]} Ke5 {[%emt 0:00:34]} 82. Rc6 {[%emt 0:00:42]} Kd5 {[%emt 0:00:52]} 83. Rb6 {[%emt 0:00:30]} Qf8+ {[%emt 0:00:57]} 84. Kb7 {[%emt 0:00:26]} Qe7+ {[%emt 0:00:36]} 85. Ka6 {[%emt 0:00:51]} Qc7 {[%emt 0:01:53]} 86. Rb7 {[%emt 0:00:06]} Qc8 {[%emt 0:00:27]} 87. Ka7 {[%emt 0:01:02]} Qc5+ {[%emt 0:04:29]} 88. Kb8 {[%emt 0:00:32]} Qd6+ {[%emt 0:00:10]} 0-1

[Event "Moscow Youth U19 2019"]
[Site "Moscow"]
[Date "2019.11.22"]
[Round "5.10"]
[White "Miroshnik, Ekaterina"]
[Black "Talalov, Anton"]
[Result "1-0"]
[WhiteElo "2127"]
[BlackElo "1792"]
[Annotator "NA"]
[PlyCount "99"]
[EventDate "2019.11.18"]
[EventType "swiss"]
[EventCountry "RUS"]
[SourceTitle "playchess.com"]
[Source "ChessBase"]
[SourceQuality "1"]
[TimeControl "5400+30"]

1. d4 {[%emt 0:00:00]} d5 {[%emt 0:07:40]} 2. c4 {[%emt 0:00:00]} e6 {[%emt 0:00:39]} 3. e3 {[%emt 0:00:15]} Nf6 {[%emt 0:00:18]} 4. Nf3 {[%emt 0:00:04]} Be7 {[%emt 0:00:32]} 5. Bd3 {[%emt 0:00:05]} O-O {[%emt 0:00:08]} 6. O-O {[%emt 0:00:03]} dxc4 {[%emt 0:00:32]} 7. Bxc4 {[%emt 0:00:04]} a6 {[%emt 0:00:26]} 8. b3 {[%emt 0:00:09]} b5 {[%emt 0:09:01]} 9. Be2 {[%emt 0:00:04]} Bb7 {[%emt 0:00:40]} 10. Bb2 {[%emt 0:00:07]} Nbd7 {[%emt 0:05:17]} 11. Nbd2 {[%emt 0:00:05]} c5 {[%emt 0:03:01]} 12. a4 {[%emt 0:00:04]} Qb6 {[%emt 0:11:39]} 13. Bd3 {[%emt 0:01:01]} Bc6 {[%emt 0:05:10]} 14. axb5 {[%emt 0:02:36]} Bxb5 {[%emt 0:00:12]} 15. Nc4 {[%emt 0:00:56]} Qc7 {[%emt 0:07:30]} 16. Nfe5 {[%emt 0:04:38]} Nxe5 {[%emt 0:01:13]} 17. dxe5 {[%emt 0:00:35]} Nd5 {[%emt 0:02:49]} 18. Qg4 {[%emt 0:06:39]} Rfd8 {[%emt 0:04:11]} 19. Rfd1 {[%emt 0:08:04]} Rab8 {[%emt 0:02:30]} 20. Bf1 {[%emt 0:06:54]} g6 {[%emt 0:01:13]} 21. Rac1 {[%emt 0:01:31]} Bxc4 {[%emt 0:05:42]} 22. Bxc4 {[%emt 0:00:26]} a5 {[%emt 0:05:12]} 23. Ba1 {[%emt 0:16:01]} Nb4 {[%emt 0:03:17]} 24. e4 {[%emt 0:11:35]} Qc6 {[%emt 0:02:01]} 25. Qe2 {[%emt 0:07:58]} a4 {[%emt 0:07:47]} 26. f4 {[%emt 0:07:01]} axb3 {[%emt 0:02:06]} 27. Bxb3 {[%emt 0:00:11]} Na6 {[%emt 0:00:52]} 28. Bc4 {[%emt 0:01:34]} Nc7 {[%emt 0:00:08]} 29. Rxd8+ {[%emt 0:01:30]} Rxd8 {[%emt 0:01:39]} 30. Bc3 {[%emt 0:00:05]} Ra8 {[%emt 0:01:35]} 31. Rf1 {[%emt 0:06:05]} Bf8 {[%emt 0:01:01]} 32. Rf3 {[%emt 0:03:54]} Rb8 {[%emt 0:01:11]} 33. h4 {[%emt 0:04:13]} Nb5 {[%emt 0:00:33]} 34. h5 {[%emt 0:01:22]} Nd4 {[%emt 0:00:52]} 35. Bxd4 {[%emt 0:00:05]} cxd4 {[%emt 0:00:03]} 36. hxg6 {[%emt 0:00:19]} hxg6 {[%emt 0:00:06]} 37. Rf1 {[%emt 0:06:37]} Qc5 {[%emt 0:00:16]} 38. Bd3 {[%emt 0:02:46]} Bh6 {[%emt 0:02:45]} 39. Qf3 {[%emt 0:01:26]} Qc3 {[%emt 0:01:38]} 40. Be2 {[%emt 0:02:07]} Qd2 {[%emt 0:01:12]} 41. f5 {[%emt 0:00:31]} Be3+ {[%emt 0:00:54]} 42. Kh2 {[%emt 0:00:29]} exf5 {[%emt 0:00:55]} 43. exf5 {[%emt 0:00:14]} gxf5 {[%emt 0:01:34]} 44. Qxf5 {[%emt 0:00:51]} Qxe2 {[%emt 0:02:55]} 45. Qxf7+ {[%emt 0:00:03]} Kh8 {[%emt 0:00:04]} 46. Rf3 {[%emt 0:00:59]} Qa6 {[%emt 0:01:25]} 47. e6 {[%emt 0:00:40]} Qd6+ {[%emt 0:00:10]} 48. Kh3 {[%emt 0:00:18]} Rb2 {[%emt 0:00:53]} 49. Qh5+ {[%emt 0:00:25]} Kg7 {[%emt 0:00:12]} 50. Rf7+ {[%emt 0:00:07]} 1-0

[Event "Moscow Youth U19 2019"]
[Site "Moscow"]
[Date "2019.11.23"]
[Round "6.1"]
[White "Makarian, Rudik"]
[Black "Yeritsyan, Aram"]
[Result "1/2-1/2"]
[WhiteElo "2405"]
[BlackElo "2276"]
[Annotator "NA"]
[PlyCount "88"]
[EventDate "2019.11.18"]
[EventType "swiss"]
[EventCountry "RUS"]
[SourceTitle "playchess.com"]
[Source "ChessBase"]
[SourceQuality "1"]
[TimeControl "5400+30"]

1. c4 {[%emt 0:00:00]} Nf6 {[%emt 0:00:27]} 2. d4 {[%emt 0:00:56]} e6 {[%emt 0:00:09]} 3. Nc3 {[%emt 0:00:06]} Bb4 {[%emt 0:00:03]} 4. g3 {[%emt 0:00:06]} Nc6 {[%emt 0:05:34]} 5. Bg2 {[%emt 0:00:36]} e5 {[%emt 0:04:34]} 6. dxe5 {[%emt 0:08:21]} Bxc3+ {[%emt 0:05:59]} 7. bxc3 {[%emt 0:00:03]} Nxe5 {[%emt 0:00:04]} 8. c5 {[%emt 0:02:11]} Qe7 {[%emt 0:04:19]} 9. Be3 {[%emt 0:01:13]} O-O {[%emt 0:01:03]} 10. Nf3 {[%emt 0:00:41]} Neg4 {[%emt 0:01:52]} 11. Bd4 {[%emt 1:21:17]} Ne4 {[%emt 0:00:15]} 12. Nh4 {[%emt 0:10:20]} d6 {[%emt 0:10:19]} 13. Bxe4 {[%emt 0:14:40]} Qxe4 {[%emt 0:00:03]} 14. f3 {[%emt 0:00:07]} Qc6 {[%emt 1:02:19]} 15. cxd6 {[%emt 0:00:06]} cxd6 {[%emt 0:01:39]} 16. O-O {[%emt 0:57:29]} Ne5 {[%emt 0:00:41]} 17. e4 {[%emt 0:05:41]} Re8 {[%emt 0:07:51]} 18. f4 {[%emt 0:06:27]} Ng6 {[%emt 0:02:23]} 19. Nf5 {[%emt 0:17:09]} f6 {[%emt 0:03:13]} 20. Qb3+ {[%emt 0:02:05]} Be6 {[%emt 0:03:02]} 21. Qc2 {[%emt 0:00:02]} Bxf5 {[%emt 0:03:36]} 22. exf5 {[%emt 0:00:01]} Ne7 {[%emt 0:00:05]} 23. Rae1 {[%emt 0:03:29]} Qd5 {[%emt 0:09:54]} 24. Qb3 {[%emt 0:04:29]} Qxb3 {[%emt 0:05:17]} 25. axb3 {[%emt 0:00:01]} h5 {[%emt 0:29:59]} 26. Ra1 {[%emt 0:05:41]} a6 {[%emt 0:05:20]} 27. Ra5 {[%emt 0:00:01]} b5 {[%emt 0:03:07]} 28. Rfa1 {[%emt 0:00:28]} Nxf5 {[%emt 0:00:16]} 29. Rxa6 {[%emt 0:01:35]} Rxa6 {[%emt 0:14:02]} 30. Rxa6 {[%emt 0:00:02]} Re1+ {[%emt 0:00:04]} 31. Kf2 {[%emt 0:03:12]} Rb1 {[%emt 0:00:42]} 32. b4 {[%emt 0:00:16]} Nxd4 {[%emt 0:04:45]} 33. cxd4 {[%emt 0:00:02]} Rxb4 {[%emt 0:00:04]} 34. Rxd6 {[%emt 0:00:13]} Rb2+ {[%emt 0:00:26]} 35. Kf3 {[%emt 0:01:41]} Rxh2 {[%emt 0:00:12]} 36. Rd5 {[%emt 0:14:35]} h4 {[%emt 0:01:00]} 37. gxh4 {[%emt 0:00:14]} Rxh4 {[%emt 0:00:14]} 38. Rxb5 {[%emt 0:00:06]} g5 {[%emt 0:00:29]} 39. fxg5 {[%emt 0:00:51]} Rxd4 {[%emt 0:00:01]} 40. gxf6 {[%emt 0:00:20]} Kf7 {[%emt 0:00:04]} 41. Rb7+ {[%emt 0:00:21]} Kxf6 {[%emt 0:00:05]} 42. Rb6+ {[%emt 0:00:11]} Ke5 {[%emt 0:00:00]} 43. Rb5+ {[%emt 0:00:00]} Rd5 {[%emt 0:00:00]} 44. Rxd5+ {[%emt 0:00:00]} Kxd5 {[%emt 0:04:51]} 1/2-1/2